Auswahlbibliographie Christof Bäumler

Saved in:  
Bibliographic Details
Main Author: Schwab, Ulrich 1957- (Author)
Format: Print Article
Language:No linguistic content
Check availability: HBZ Gateway
Interlibrary Loan:Interlibrary Loan for the Fachinformationsdienste (Specialized Information Services in Germany)
Published: 1996
In: Praktische Theologie
Year: 1996, Volume: 31, Issue: 3, Pages: 175-177
Standardized Subjects / Keyword chains:B Bäumler, Christof 1927-1996
IxTheo Classification:RA Practical theology
Further subjects:B Bibliography

MARC

LEADER 00000caa a2200000 c 4500
001 1639246347
003 DE-627
005 20220616110820.0
007 tu
008 160405s1996 xx ||||| b 00| ||zxx c
035 |a (DE-627)1639246347 
035 |a (DE-576)464781663 
035 |a (DE-599)BSZ464781663 
040 |a DE-627  |b ger  |c DE-627  |e rakwb 
041 |a zxx 
084 |a 1  |2 ssgn 
100 1 |0 (DE-588)132319179  |0 (DE-627)521421497  |0 (DE-576)29907238X  |4 aut  |a Schwab, Ulrich  |d 1957- 
109 |a Schwab, Ulrich 1957-  |a Schwab, U. 1957- 
245 1 0 |a Auswahlbibliographie Christof Bäumler 
264 1 |c 1996 
336 |a Text  |b txt  |2 rdacontent 
337 |a ohne Hilfsmittel zu benutzen  |b n  |2 rdamedia 
338 |a Band  |b nc  |2 rdacarrier 
652 |a RA 
655 7 |a Bibliografie  |0 (DE-588)4006432-3  |0 (DE-627)104814519  |0 (DE-576)208865578  |2 gnd-content 
689 0 0 |d p  |0 (DE-588)119367750  |0 (DE-627)080178669  |0 (DE-576)160145139  |2 gnd  |a Bäumler, Christof  |d 1927-1996 
689 0 |5 (DE-627) 
773 0 8 |i In  |t Praktische Theologie  |d Gütersloh : Kaiser, Gütersloher Verlagshaus, 1994  |g 31(1996), 3, Seite 175-177  |w (DE-627)182190773  |w (DE-600)1184798-0  |w (DE-576)038886944  |x 0946-3518  |7 nnas 
773 1 8 |g volume:31  |g year:1996  |g number:3  |g pages:175-177 
935 |a mteo 
951 |a AR 
ELC |b 1 
ITA |a 1  |t 1 
LOK |0 000 xxxxxcx a22 zn 4500 
LOK |0 001 3299658093 
LOK |0 003 DE-627 
LOK |0 004 1639246347 
LOK |0 005 20160405120523 
LOK |0 008 160404||||||||||||||||ger||||||| 
LOK |0 040   |a DE-Tue135  |c DE-627  |d DE-Tue135 
LOK |0 092   |o n 
LOK |0 852   |a DE-Tue135 
LOK |0 852 1  |9 00 
LOK |0 935   |a ixzs  |a ixmi 
LOK |0 936ln  |0 1442053003  |a RA 
LOK |0 939   |a 04-04-16  |b l01 
ORI |a SA-MARC-ixtheoa001.raw